Sharks - Statistics

General Stats
  • This quiz has been taken 200 times
  • The average score is 19 of 60
Answer Stats
Picture Answer % Correct
Great White Shark
82%
Blue Shark
81%
Basking Shark
75%
Lemon Shark
74%
Leopard Shark
74%
Blacktip Reef Shark
73%
Bull Shark
73%
Tiger Shark
72%
Whale Shark
71%
Greenland Shark
55%
Frilled Shark
54%
Cookiecutter Shark
53%
Nurse Shark
52%
Zebra Shark
51%
Angel Shark
50%
Goblin Shark
50%
Great Hammerhead Shark
49%
Sand Tiger Shark
45%
Megamouth Shark
42%
Oceanic Whitetip Shark
41%
Salmon Shark
37%
Shortfin Mako Shark
37%
Scalloped Hammerhead Shark
33%
Blacktip Shark
30%
Horn Shark
30%
Porbeagle Shark
28%
Silky Shark
28%
Grey Reef Shark
27%
Longfin Mako Shark
26%
Pyjama Shark
25%
Epaulette Shark
23%
Spiny Dogfish
23%
Blacknose Shark
19%
Silvertip Shark
19%
Smooth Hammerhead Shark
19%
Bigeye Thresher Shark
18%
Bronze Whaler Shark
18%
Dusky Shark
18%
Caribbean Reef Shark
16%
Galapagos Shark
14%
Bluntnose Sixgill Shark
13%
Crocodile Shark
13%
Spinner Shark
13%
Pacific Sleeper Shark
12%
Spotted Wobbegong
12%
Broadnose Sevengill Shark
11%
Gulper Shark
11%
Smoothhound
11%
Tawny Nurse Shark
10%
Kitefin Shark
9%
Bahamas Sawshark
8%
Pygmy Shark
8%
Sharpnose Sevengill Shark
8%
Whitespotted Bamboo Shark
8%
Bramble Shark
7%
Bluegrey Carpet Shark
6%
Brown Shyshark
6%
Great Lanternshark
6%
Pacific Sharpnose Shark
5%
Sharptooth Lemon Shark
5%
No matching quizzes found
Score Distribution
Percent of People with Each Score
Percentile by Number Answered
Your Score History
You have not taken this quiz